Estatísticas para Quiz do Mapa da Europa

Clique aqui para jogar o quiz

Estatísticas Gerais

  • Esse quiz foi jogado 15 924 vezes
  • A pontuação média é 29 de 45

Respostas no mapa

Respostas codificadas por cores de uma escala verde-vermelha no mapa do quiz de acordo com a % correta abaixo.
Carregando ...
 

Estatísticas das Respostas

Resposta% Correto
Itália
92%
Espanha
91%
Rússia
90%
Portugal
90%
Reino Unido
90%
França
90%
Irlanda
86%
Islândia
84%
Alemanha
84%
Grécia
83%
Noruega
80%
Finlândia
75%
Suécia
74%
Bélgica
74%
Dinamarca
72%
Polônia
71%
Países Baixos
70%
Suíça
69%
Ucrânia
68%
Vaticano
66%
Luxemburgo
65%
Áustria
63%
Bielorrússia
61%
Estônia
60%
Malta
58%
Mônaco
57%
República Checa
57%
Andorra
57%
Letónia
56%
Croácia
54%
Romênia
54%
Lituânia
53%
San Marino
53%
Liechtenstein
53%
Moldávia
47%
Bulgária
46%
Eslováquia
45%
Sérvia
44%
Kosovo
44%
Hungria
43%
Bósnia e Herzegovina
43%
Eslovénia
41%
Albânia
41%
Macedónia do
Norte
41%
Montenegro
38%

Distribuição das Pontuações

Percentil de Números Respondidos

Porcentagem de Pessoas com Cada Pontuação

Sua Pontuação Histórica

Você não jogou esse quiz